| 000 | 01080nam a2200121Ia 4500 | ||
|---|---|---|---|
| 008 | 220615s9999||||xx |||||||||||||| ||und|| | ||
| 245 | 0 | _aTaxation, International Cooperation and the 2030 Sustainable Development Agenda | |
| 546 | _aEnglish[eng] | ||
| 650 | _aInternational Political Economy||Organizational Studies, Economic Sociology||Business Taxation/Tax Law||International Relations||Economic Sociology||Business and Management||Global Governance Architecture||Global Tax Governance||Harmful Tax Practices||International Tax Policy||OECD Tax Initiatives||Open Access||Medium Term Revenue Strategies||Sustainable Development||Tax and Development||Tax Systems Sustainability||Political economy||Sociology: work & labour||Public finance & taxation | ||
| 700 | _aMosquera Valderrama, Irma Johanna||Lesage, Dries||Lips, Wouter | ||
| 856 | _uhttps://library.oapen.org/bitstream/20.500.12657/48224/1/9783030648572.pdf||https://library.oapen.org/bitstream/20.500.12657/48224/1/9783030648572.pdf||https://library.oapen.org/bitstream/20.500.12657/48224/1/9783030648572.pdf | ||
| 942 | _cEB | ||
| 999 |
_c18243 _d18243 |
||